Krásná i bezbožná tajemství našich dějin

Saved in:
Bibliographic Details
Main Author Bauer, Jan
Format Electronic eBook
LanguageCzech
Published Čas 2015
Edition1. elektronické vydání
Subjects
Online AccessDostupné v BOOKPORT po přihlášení pomocí eduID
ISBN978-80-7475-096-9
978-80-7475-096-0
978-80-7475-095-3
Physical Description1 online zdroj (256 stran)

Cover

LEADER 00000nam a2200000 i 4500
001 bkp532978665
003 CZ-prgp
005 20180726130148.0
006 m o d
007 cr cn
008 180726s2015 xr o 000 0 cze
020 |a 978-80-7475-096-9  |c 149 Kč  |q (online ; pdf) 
020 |a 978-80-7475-096-0  |c 149 Kč  |q (online ; epub) 
020 |a 978-80-7475-095-3  |c 281 Kč  |q (print) 
040 |a Grada  |b cze  |e rda 
100 1 |a Bauer, Jan 
245 1 0 |a Krásná i bezbožná tajemství našich dějin  |c Jan Bauer 
250 |a 1. elektronické vydání 
264 1 |b Čas  |c 2015 
300 |a 1 online zdroj (256 stran) 
336 |a text  |b txt  |2 rdacontent 
337 |a počítač  |b c  |2 rdamedia 
338 |a online zdroj  |b cr  |2 rdacarrier 
520 3 |a Jsou tu ale i jiní. Lawrence Selden, mladý právník, kterého jako by společnost bohatých a mocných přitahovala a odpuzovala zároveň, se snaží vidět Lily takovou, jaká ve skutečnosti je. I ona by mu ráda dala přednost před mnohem movitějšími - ale také prázdnějšími - ctiteli. To, že je tento cit oboustranný, však ještě neznamená, že dojde naplnění... 
650 0 4 |a Literatura faktu 
856 4 0 |u https://www.bookport.cz/AccountSaml/SignIn/?idp=https://shibboleth.utb.cz/idp/shibboleth&returnUrl=/kniha/krasna-i-bezbozna-tajemstvi-nasich-dejin-4537/  |y Dostupné v BOOKPORT po přihlášení pomocí eduID